| 000 | 01080nam a22002777a 4500 | ||
|---|---|---|---|
| 999 |
_c21603 _d21603 |
||
| 003 | AR-CdUCM | ||
| 008 | 190312b ||||| |||| 00| 0 spa d | ||
| 020 | _a9786124041808 | ||
| 040 |
_aMUNICIPALIDAD PROVINCIAL DEL CUSCO _cBIBLIOTECA MUNICIPAL DEL CUSCO |
||
| 082 |
_a985.004/T74 _bT74 |
||
| 100 |
_aTorres Arancivia, Eduardo _945491 |
||
| 245 |
_aLa voz de nuestra historia : _bel poder de la oratoria civil y religiosa en el Perú, siglos XVI-XIX / _cEduardo Torres Arancivia |
||
| 260 |
_aLima : _bUniversidad Peruana de Ciencias Aplicadas, _c2012. |
||
| 300 |
_a307 páginas. : _c22 cm. |
||
| 500 | _zBibliografía: p. 291-307 | ||
| 505 | _aContenido: En el principio era el verbo -- Después, la voz del pueblo -- Clamando desde el abismo. | ||
| 650 |
_aOratoria política _945492 |
||
| 650 |
_aSermones peruanos _945493 |
||
| 650 |
_aGuerra del Pacífico _945494 |
||
| 650 |
_aHistoria _945495 |
||
| 650 |
_aSiglos XVI-XIX _945496 |
||
| 650 |
_aPerú _945497 |
||
| 710 |
_aUniversidad Peruana de Ciencias Aplicadas _945331 |
||
| 942 |
_2ddc _cLIBROS |
||
| 945 | _aRoel | ||